000 00738nam a2200241Ia 4500
003 OSt
005 20220925233722.0
006 a|||||r|||| 00| 0
007 ta
008 220923b |||||||| |||| 00| 0 eng d
020 _a9788126143962
_c765
037 _b905, 18/03/2014, Pranami Book Service
_cGeneral Book
040 _aRTL
_cRTL
_beng
041 _2eng
_aeng
082 _aX:8:(S:44), Q0
100 _aTANDON Anil
_9299304
245 0 _aEssential of organizational behaviour.
260 _a New Delhi
_bAnmol Publications
_c2010
300 _avii,296p
_ccm.
650 _aCommerce
942 _hX:8:(S:44), Q0
_cGB
_2CC
999 _c594408
_d594408